| 000 | 00695nam a2200205 i 4500 | ||
|---|---|---|---|
| 001 | 60597 | ||
| 003 | ES-MaACL | ||
| 005 | 20230906164252.0 | ||
| 007 | t| | ||
| 008 | 031105s1987 sp ||||1| spa d | ||
| 020 | _a84-7666-065-0 | ||
| 100 | 1 |
_aEscotet, Miguel Angel. _947621 |
|
| 245 | 1 | 0 |
_aNuevos horizontes para la OEI _b: crónica de una gestión / _cMiguel Angel Escotet. |
| 260 |
_aMadrid : _bOrganización de Estados Iberoamericanos para la Educación, la Ciencia y la Cultura, Servicio de Publicaciones, _c[1987] |
||
| 300 |
_a432 p. ; _c24 cm. |
||
| 500 | _aIndice. | ||
| 504 | _aBibliografía. | ||
| 852 |
_aES-MaACL _jG-13336 _bR.114615 |
||
| 852 |
_aES-MaACL _jG-7066 _bR.114616 |
||
| 999 |
_c60597 _d60597 |
||